Normal view MARC view
  • Educación rural

Entry Materia

Number of records used in: 3

001 - NÚMERO DE CONTROL DEL REGISTRO

  • campo de control: 19225

003 - IDENTIFICADOR DE NUMERO DE CONTROL

  • campo de control: MX-MxUPN

005 - FECHA Y HORA DE LA ÚLTIMA TRANSACCIÓN

  • campo de control: 20250925121928.0

008 - DATOS DE LONGITUD FIJA

  • campo de control de longitud fija: 250925n| fcnnnbabn | ana |d

035 ## - NÚMERO DE CONTROL DEL SISTEMA

  • Número de control del sistema: UPN10000019234

040 ## - FUENTE DE LA CATALOGACIÓN

  • Centro catalogador de origen: MX-MxUPN
  • Lengua de catalogación: spa
  • Agencia de transcripción: MX-MxUPN

053 #4 - NÚMERO CLASIFICADOR - BIBLIOTECA DEL CONGRESO (LC)

  • Elemento numérico de la clasificación - Número único o no. inicial del rango: LB1567 C7

150 ## - ENCABEZAMIENTO - TEMÁTICO

  • Término de materia o nombre geográfico como elemento inicial: Educación rural
  • Subdivisión geográfica: Colombia

670 ## - FUENTE EN LA QUE SE LOCALIZARON DATOS

  • Cita de la fuente: SHLC
  • Información localizada: Education, Rural (May subd. geog.)

902 ## - CATALOGADOR

  • Catalogador: ELI/211194